000 00809nam a2200289Ia 4500
005 20260324130741.0
008 008 260324s9999 xx 000 0 eng d
020 _a9781315257112
037 _aEBOOK
040 _aCRL
040 _beng
040 _cCRL
041 _2eng
041 _aeng
084 _qCRL
100 _aKallirroe Linardou; Leslie Brubaker
_91182953
245 0 _aEat, Drink, and Be Merry (Luke 12:19) – Food and Wine in Byzantium
245 0 _bPapers of the 37th Annual Spring Symposium of Byzantine Studies, In Honour of Professor A.A.M. Bryer
260 _bTaylor and Francis
260 _c2007
365 _a
365 _b240
856 _uhttp://www.taylorfrancis.com/books/9781315257112
942 _cEBOOK
999 _c1779405
_d1779405